000 00600nam a2200169Ia 4500
001 21854
003 GE_BSU
008 181216s||||||||xx |||||||||||||| ||und||
040 _cGE_BSU
245 _aალმანახი: შეზღუდული შესაძლებლობის შესახებ
260 _aთბილისი
260 _c2017
300 _a92გვ. : ილ. ;30სმ
653 _aალმანახი: შეზღუდული შესაძლებლობის შესახებ
653 _aპერიოდიკა
942 _cCR
999 _c54786
_d54786